000 00571nam a2200205Ia 4500
005 20250508164027.0
008 008 250505s9999 xx 000 0 eng d
020 _a0-415-25483-3
037 _aTextual
040 _aFEDL
_beng
_cFEDL
041 _aeng
_2eng
084 _a418.0071, GRE
_qFEDL
100 _aGrenfell Michael Ed.
_9436831
245 0 _aModern languages across the curriculum
260 _aLondon, UK
_bRoutledge Falmer
_c2002
300 _avi
365 _aGBP
_b17.99
942 _cTEXL
_h418.0071, GRE
999 _c1386651
_d1386651